01001nam a22002777a 4500003000500000005001700005008004100022010001000063011001000073035001000083040000900093082001500102111011100117245006800228260006300296300001100359490003700370650002600407650002700433650002700460650002500487650002700512650003700539711011200576830003500688CHAP20220329140920.0971013s1984 r 10010 d a59750 a60722 a64884 cCHAP a628.1bM4200aMesa Redonda sobre Tecnología Adecuada para el Aprovechamiento y Uso del Agua (d1984c: México, D.F.) aProblemática del desarrollo tecnológico nacionalb: memoria aMéxico, D.F. :bAcademia Mexicana de Ingeniería,c1984 a270 p. aAlternativas tecnológicasv; 514aAguaxAbastecimiento.14aAguaxAprovechamiento.14aAguaxContaminación.14aAguaxUtilización.14aEcologíaxCongresos.14aMedio ambientexContaminación.0 aMesa Redonda sobre Tecnología Adecuada para la Defensa del Patrimonio Ecológico (1984 : México, D.F.)0 aAlternativas tecnologicasv; 5